Teorias económicas y regiones subdesarrolladas (Registro nro. 6712)
[ vista simple ]
| 000 -LEADER | |
|---|---|
| fixed length control field | 01508 a2200229 4500 |
| 001 - CONTROL NUMBER | |
| control field | 59506 |
| 005 - DATE AND TIME OF LATEST TRANSACTION | |
| control field | 20260407155849.0 |
| 008 - FIXED-LENGTH DATA ELEMENTS--GENERAL INFORMATION | |
| fixed length control field | 260407a1964 arg spa d |
| 003 - CONTROL NUMBER IDENTIFIER | |
| control field | AR-UNSa-BCEJYS |
| 040 ## - CATALOGING SOURCE | |
| Original cataloging agency | AR-UNSa-BCEJYS |
| Language of cataloging | spa |
| Transcribing agency | AR-UNSa-BCEJYS |
| 080 ## - UNIVERSAL DECIMAL CLASSIFICATION NUMBER | |
| Universal Decimal Classification number | 330.1 |
| Common auxiliary subdivision | Ciencia económica. Conceptos fundamentales de teoría económica. Valor. Capital. Fondos |
| 100 1# - MAIN ENTRY--PERSONAL NAME | |
| Personal name | Myrdal, Gunnar |
| 245 10 - TITLE STATEMENT | |
| Title | Teorias económicas y regiones subdesarrolladas |
| 250 ## - EDITION STATEMENT | |
| Edition statement | 3a. ed. |
| 264 #1 - PRODUCTION, PUBLICATION, DISTRIBUTION, MANUFACTURE, AND COPYRIGHT NOTICE | |
| Place of production, publication, distribution, manufacture | México : |
| Name of producer, publisher, distributor, manufacturer | Fondo de Cultura Económica |
| Date of production, publication, distribution, manufacture, or copyright notice | 1964 |
| 300 ## - PHYSICAL DESCRIPTION | |
| Extent | 188 p. |
| Dimensions | 21 cm. |
| 505 ## - FORMATTED CONTENTS NOTE | |
| Formatted contents note | 1. Una característica general inexplicable de la realidad social - 2. El principio de la causación circular y acumulativa - 3. La tendencia hacia las desigualdades económicas regionales en un país - 4. El papel desempeñado por el Estado - 5. Desigualdades internacionales - 6. Políticas nacionales del Estado en los países subdesarrollados - 7. La planeación económica nacional en los países subdesarrollados - 7. La planeación económica nacional en los países subdesarrollados - 8. Un reto - 9. La doctrina de la igualdad y la evasión de ella - 10. Las predilecciones conservadoras de la teoría económica y sus fundamentos en las filosofías básicas - 11. Una nota sobre la teoría del comercio internacional y el problema de la desigualdad - 12. El enigma lógico de toda ciencia - |
| 590 ## - LOCAL NOTE (RLIN) | |
| Local note | niveau_biblio:m niveau_hierar:0 |
| 700 1# - ADDED ENTRY--PERSONAL NAME | |
| Personal name | Cuesta, Ernesto |
| 700 1# - ADDED ENTRY--PERSONAL NAME | |
| Personal name | Soberón M., Oscar |
| 942 ## - ADDED ENTRY ELEMENTS (KOHA) | |
| Koha item type | |
| Withdrawn status | Lost status | Damaged status | Not for loan | Home library | Current library | Shelving location | Date acquired | Total checkouts | Full call number | Barcode | Date last seen | Price effective from | Koha item type |
|---|---|---|---|---|---|---|---|---|---|---|---|---|---|
| Biblioteca Prof. Eusebio Cleto del Rey | Biblioteca Prof. Eusebio Cleto del Rey | 07/04/2026 | 330.1 M998 3ed. | L24420 | 07/04/2026 | 07/04/2026 | Libro | ||||||
| Biblioteca Prof. Eusebio Cleto del Rey | Biblioteca Prof. Eusebio Cleto del Rey | 07/04/2026 | 330.1 M998 3ed. | L22444 | 07/04/2026 | 07/04/2026 | Libro |